[Event "Championnat de France Pupillette"]
[Site "CALVI"]
[Date "????.??.??"]
[Round "5.4"]
[White "Le Bail, Arielle"]
[Black "Monasri, Sara"]
[Result "0-1"]
[WhiteElo "1650"]
[BlackElo "1520"]
[PlyCount "110"]
[EventDate "2005.??.??"]
[SourceDate "2005.04.17"]

1. d4 c5 2. Nf3 cxd4 3. Nxd4 g6 4. c3 Bg7 5. g3 Nf6 6. Bg2 O-O 7. Nd2 Nc6 8.
N2b3 Nxd4 9. Nxd4 d6 10. O-O Rb8 11. Bg5 Bd7 12. Qd2 Qc8 13. Rfd1 Bh3 14. Bh1
Re8 15. Qd3 Qg4 16. Qe3 Qd7 17. Nb3 b6 18. Rd2 Rbc8 19. Rad1 Ng4 20. Qf4 f6 21.
Bh4 g5 22. Bxg5 fxg5 23. Qxg5 Nf6 24. Nd4 Kh8 25. Qh4 Rg8 26. Nf3 Qg4 27. Ng5
Rcf8 28. Nxh3 Qxh4 29. gxh4 Bh6+ 30. Ng5 Bxg5 31. hxg5 Rxg5+ 32. Kf1 Ng4 33. f3
Ne3+ 34. Kf2 Nxd1+ 35. Rxd1 Rh5 36. Bg2 Rxh2 37. Rh1 Rxh1 38. Bxh1 Rf5 39. Ke3
Rb5 40. b4 a5 41. a3 axb4 42. axb4 Re5+ 43. Kd3 Kg7 44. f4 Rf5 45. e3 h5 46.
Bf3 h4 47. Ke2 e5 48. Bg4 Rf7 49. f5 Kh6 50. Kf3 Kg5 51. e4 d5 52. Bh3 Rc7 53.
Bg2 Rxc3+ 54. Kf2 Rc2+ 55. Kf3 Rxg2 0-1

[Event "Championnat de France Pupillette"]
[Site "CALVI"]
[Date "????.??.??"]
[Round "5.5"]
[White "Uhl, Sarah"]
[Black "Mencacci, Tiphanie"]
[Result "1/2-1/2"]
[WhiteElo "1360"]
[BlackElo "1610"]
[PlyCount "114"]
[EventDate "2005.??.??"]
[SourceDate "2005.04.17"]

1. c4 e5 2. g3 Nf6 3. Bg2 d5 4. cxd5 Nxd5 5. e3 Be7 6. Ne2 O-O 7. O-O Be6 8. d4
Nd7 9. Bd2 c6 10. Nbc3 N5f6 11. Ne4 Qc7 12. Nxf6+ Nxf6 13. h3 exd4 14. Nxd4 Bd7
15. Kh2 Rfe8 16. a3 Qc8 17. b4 Bd6 18. Qc2 c5 19. bxc5 Bxc5 20. Bxb7 Qxb7 21.
Qxc5 Ne4 22. Qb4 Qc8 23. g4 Bxg4 24. hxg4 Qxg4 25. Qa5 Nxd2 26. Rfd1 Nf3+ 27.
Nxf3 Qxf3 28. Kg1 Qh3 29. Qg5 h6 30. Qg2 Qxg2+ 31. Kxg2 Red8 32. Kf1 f6 33. Ke2
Rab8 34. Rxd8+ Rxd8 35. Rc1 Rd7 36. Rc8+ Kf7 37. Rc6 Rb7 38. Rc2 g5 39. Kf3 Kg6
40. Rc8 Rb3 41. Rg8+ Kf7 42. Rc8 Rxa3 43. Kg4 Ra2 44. f4 a5 45. f5 a4 46. Rc7+
Ke8 47. Kh5 Rh2+ 48. Kg6 a3 49. Kxf6 Rb2 50. Kg6 Rb6+ 51. f6 a2 52. Ra7 g4 53.
Rxa2 h5 54. Rh2 g3 55. Rg2 h4 56. Kg5 Rb4 57. Kg6 Rb6 1/2-1/2

[Event "Championnat de France Pupillette"]
[Site "CALVI"]
[Date "????.??.??"]
[Round "5.6"]
[White "Bellotti, Charlotte"]
[Black "Auffret, Gaelle"]
[Result "1-0"]
[WhiteElo "1580"]
[BlackElo "1490"]
[PlyCount "77"]
[EventDate "2005.??.??"]
[SourceDate "2005.04.17"]

1. e4 e6 2. d4 d5 3. Nc3 Bb4 4. exd5 exd5 5. Bd2 c5 6. a3 Bxc3 7. Bxc3 Nc6 8.
Nf3 Nf6 9. Bb5 O-O 10. Bxc6 bxc6 11. O-O Re8 12. dxc5 Ba6 13. Re1 Rxe1+ 14.
Qxe1 Ne4 15. Bd4 Rb8 16. Ne5 Qc7 17. Qd1 Rb5 18. Qg4 Nf6 19. Qf3 Ne4 20. h3
Nxc5 21. Ng4 Qb7 22. b3 Ne4 23. a4 Ra5 24. Qe3 Qb4 25. f3 Nd6 26. Bc3 Qc5 27.
Bxa5 Qxa5 28. Qxa7 Nc8 29. Qe3 Qd8 30. Re1 Nd6 31. a5 h5 32. Ne5 Nf5 33. Nxc6
Nxe3 34. Nxd8 Nxc2 35. Rd1 d4 36. Nc6 d3 37. Ne5 Ne3 38. Rxd3 Bxd3 39. Nxd3 1-0

[Event "Championnat de France Pupillette"]
[Site "CALVI"]
[Date "????.??.??"]
[Round "5.7"]
[White "Soubirou, Oriane"]
[Black "Saucey, Capucine"]
[Result "0-1"]
[WhiteElo "1330"]
[BlackElo "1560"]
[PlyCount "74"]
[EventDate "2005.??.??"]
[SourceDate "2005.04.17"]

1. e4 e5 2. Nf3 Nc6 3. Bb5 a6 4. Ba4 Nf6 5. d3 Be7 6. O-O b5 7. Bb3 O-O 8. c3
d6 9. Re1 Nb8 10. d4 Nbd7 11. a3 Bb7 12. Nbd2 Rc8 13. Ba2 Re8 14. Ng5 d5 15. f3
h6 16. Nh3 exd4 17. cxd4 c5 18. e5 Nh7 19. dxc5 Bxc5+ 20. Kh1 Nxe5 21. Bb1 Nc4
22. Nf1 Qh4 23. Ng3 Qd4 24. Ra2 Qxd1 25. Rxd1 Re7 26. b4 Bb6 27. Nf5 Re6 28.
Nf4 Ree8 29. g3 g6 30. Nxh6+ Kg7 31. Ng4 d4 32. Kg2 Ne3+ 33. Bxe3 dxe3 34. h4
Rcd8 35. Rxd8 Rxd8 36. Be4 Bxe4 37. fxe4 Rd2+ 0-1

[Event "Championnat de France Pupillette"]
[Site "CALVI"]
[Date "????.??.??"]
[Round "5.8"]
[White "Mallet, Berenice"]
[Black "De Seroux, Camille"]
[Result "1-0"]
[WhiteElo "1550"]
[BlackElo "1099"]
[PlyCount "147"]
[EventDate "2005.??.??"]
[SourceDate "2005.04.17"]

1. d4 f5 2. e3 Nf6 3. Bd3 g6 4. Nf3 Bg7 5. O-O O-O 6. c4 d6 7. Nc3 Nc6 8. Qb3
e6 9. Rd1 Qe7 10. Na4 b6 11. Bd2 Bb7 12. d5 exd5 13. cxd5 Ne5 14. Nxe5 Qxe5 15.
Bc3 Bxd5 16. Bc4 Qe7 17. Bxd5+ Nxd5 18. Qxd5+ Kh8 19. Bxg7+ Kxg7 20. Rac1 Rac8
21. Qd4+ Kg8 22. Nc3 Rfd8 23. Qc4+ Kf8 24. Nd5 Qe5 25. Qd4 c6 26. Qxe5 dxe5 27.
Nb4 c5 28. Na6 Ke7 29. Kf1 Rc6 30. b4 Rdc8 31. f3 g5 32. Rd5 c4 33. b5 Rd6 34.
Rxe5+ Kf6 35. f4 c3 36. Nb4 Rd2 37. Nd5+ Kf7 38. Nxc3 Rd3 39. Rxf5+ Ke6 40.
Re5+ Kd7 41. Ne2 Rxc1+ 42. Nxc1 Rd1+ 43. Ke2 Rxc1 44. Rxg5 Rc2+ 45. Kf3 Rxa2
46. Rg7+ Ke6 47. Rxh7 Rb2 48. Rh5 Ra2 49. h4 a5 50. bxa6 Rxa6 51. g4 Kf7 52.
Rh6 Kg7 53. Rc6 Kf7 54. h5 Kg7 55. g5 Kh7 56. Rc7+ Kg8 57. Rb7 Kh8 58. g6 Kg8
59. h6 Ra8 60. Rxb6 Kh8 61. f5 Re8 62. f6 Rd8 63. Rb7 Ra8 64. Rh7+ Kg8 65. f7+
Kf8 66. Rh8+ Ke7 67. Rxa8 Ke6 68. f8=Q Kd5 69. Ra5+ Kc6 70. Qf6+ Kb7 71. Rb5+
Kc7 72. Re5 Kd7 73. Re7+ Kd8 74. Qf8# 1-0

[Event "Championnat de France Pupillette"]
[Site "CALVI"]
[Date "????.??.??"]
[Round "5.9"]
[White "Bertin, Cecile"]
[Black "Llacer, Cassandra"]
[Result "0-1"]
[WhiteElo "1180"]
[BlackElo "1250"]
[PlyCount "60"]
[EventDate "2005.??.??"]
[SourceDate "2005.04.17"]

1. e4 e5 2. Nf3 Nc6 3. Nc3 Nf6 4. d4 exd4 5. Nxd4 Bb4 6. Bg5 Qe7 7. f3 Qc5 8.
Nxc6 Bxc3+ 9. bxc3 Qxc3+ 10. Bd2 Qxc6 11. Qe2 O-O 12. Rc1 d5 13. e5 Re8 14. f4
Bf5 15. Be3 Ne4 16. Qh5 Bg6 17. Qg4 Qe6 18. Qh4 Rad8 19. Be2 d4 20. Bf2 Qc6 21.
Bf3 Qc3+ 22. Kf1 Nd2+ 23. Ke2 Bxc2 24. Bg4 d3+ {Diagramme #} 25. Ke3 Nc4+ 26.
Kf3 d2+ 27. Ke2 dxc1=N+ 28. Rxc1 Rd2+ 29. Ke1 Rd1+ 30. Ke2 Qd3# 0-1

[Event "Championnat de France Pupillette"]
[Site "CALVI"]
[Date "????.??.??"]
[Round "5.10"]
[White "Dupuis, Claire"]
[Black "Khan, Mai-Ly"]
[Result "0-1"]
[WhiteElo "1420"]
[BlackElo "1610"]
[PlyCount "146"]
[EventDate "2005.??.??"]
[SourceDate "2005.04.17"]

1. e4 e5 2. Nf3 Nc6 3. Bc4 Bc5 4. Nc3 Nf6 5. d3 d6 6. h3 Be6 7. Bxe6 fxe6 8.
Bg5 h6 9. Bh4 g5 10. Bg3 Qd7 11. Qe2 O-O-O 12. Qd2 Nd4 13. Nxd4 exd4 14. Ne2 e5
15. Bh2 Qb5 16. c3 dxc3 17. Nxc3 Qb6 18. Bg3 Rhf8 19. Rf1 Rf7 20. Qe2 Qa5 21.
Qd2 Bb4 22. a3 Rdf8 23. Qd1 Bxc3+ 24. bxc3 Qc5 25. Qd2 Nh5 26. Bh2 Nf4 27. Bxf4
Rxf4 28. a4 d5 29. f3 dxe4 30. dxe4 Rd8 31. Qc2 Qe3+ 32. Qe2 Qxc3+ 33. Kf2 Rd2
34. Qxd2 Qxd2+ 35. Kg1 h5 36. Rad1 Qb4 37. Rf2 Qxa4 38. Rfd2 Rf8 39. Kh2 Rh8
40. Kh1 g4 41. Kh2 b5 42. Rc1 gxf3 43. gxf3 Qb3 44. Rf1 a5 45. Rg2 a4 46. Rg5
Qb2+ 47. Kh1 a3 48. Rg2 Qb3 49. Rff2 Rf8 50. Rg3 a2 51. Rf1 Qc3 52. Rgg1 Rxf3
53. Rxf3 Qxf3+ 54. Kh2 Qf2+ 55. Rg2 Qxg2+ 56. Kxg2 a1=Q 57. Kg3 b4 58. h4 b3
59. Kf3 b2 60. Kg3 b1=R 61. Kf3 Re1 62. Kg3 Qb2 63. Kf3 Qe2+ 64. Kg3 Rg1+ 65.
Kh3 Qh2+ 66. Kxh2 Rg6 67. Kh3 c5 68. Kh2 c4 69. Kh1 c3 70. Kh2 c2 71. Kh3 c1=Q
72. Kh2 Qd2+ 73. Kh3 Qg2# 0-1

[Event "Championnat de France Pupille"]
[Site "CALVI"]
[Date "????.??.??"]
[Round "6.1"]
[White "Dionisi, Thomas"]
[Black "Fevre, Mathieu"]
[Result "1-0"]
[WhiteElo "1990"]
[BlackElo "1951"]
[PlyCount "105"]
[EventDate "2005.??.??"]
[SourceDate "2005.04.17"]

1. e4 c5 2. Nf3 e6 3. c3 Nf6 4. e5 Nd5 5. d4 d6 6. Bd3 Nc6 7. O-O Be7 8. a3 O-O
9. Qe2 Qc7 10. c4 Nb6 11. exd6 Qxd6 12. dxc5 Qxc5 13. b4 Qh5 14. Bb2 Nd7 15.
Nbd2 Bf6 16. Ne4 Bxb2 17. Qxb2 Nde5 18. Nxe5 Qxe5 19. Qxe5 Nxe5 20. Be2 Bd7 21.
f4 Ng6 22. Nd6 b6 23. g3 Ba4 24. Bd1 Bc6 25. Bf3 Bxf3 26. Rxf3 Rfd8 27. Rd1 Rd7
28. Rfd3 Rad8 29. Kf2 Kf8 30. Ke3 Ne7 31. Nb5 Rxd3+ 32. Rxd3 Rxd3+ 33. Kxd3 Nc6
34. c5 Ke7 35. Kc4 Kd7 36. Nd6 f6 37. Kb5 Nd4+ 38. Kc4 Nc6 39. Nb5 Kc8 40. Nd6+
Kd7 41. Nb5 Kc8 42. Nd4 Kd7 43. Nxc6 Kxc6 44. b5+ Kc7 45. c6 h6 46. Kd4 g6 47.
h4 h5 48. Ke4 a6 49. a4 axb5 50. axb5 Kd6 51. Kf3 f5 52. Ke3 Kc7 53. Kd3 1-0

[Event "Championnat de France Pupille"]
[Site "CALVI"]
[Date "????.??.??"]
[Round "6.2"]
[White "Viers, Emmanuel"]
[Black "Sochacki, Christophe"]
[Result "1/2-1/2"]
[WhiteElo "1710"]
[BlackElo "1960"]
[PlyCount "159"]
[EventDate "2005.??.??"]
[SourceDate "2005.04.17"]

1. e4 e6 2. d4 d5 3. Nd2 Nc6 4. c3 e5 5. Bb5 dxe4 6. Nxe4 Qd5 7. Qe2 Be6 8. Nf3
exd4 9. Nxd4 a6 10. Bxc6+ bxc6 11. O-O Bd6 12. Ng5 Nf6 13. Ngxe6 fxe6 14. Nxe6
Kd7 15. Nf4 Qf5 16. Rd1 Rae8 17. Qxa6 g5 18. Nd3 Rhf8 19. Be3 Rxe3 20. fxe3 Ng4
21. Nb4 Qc5 22. Rd4 Nxe3 23. Qd3 Nf5 24. Qh3 Kd8 25. Nd3 Qb6 26. Rf1 Nxd4 27.
Rxf8+ Bxf8 28. cxd4 Qxd4+ 29. Kf1 Qe4 30. Qg3 g4 31. b3 Bd6 32. Qh4+ Kc8 33.
Nf2 Qb1+ 34. Ke2 Qxa2+ 35. Kf1 Qb1+ 36. Ke2 Qc2+ 37. Kf1 Qxb3 38. Qxg4+ Kb7 39.
Qh5 Qc4+ 40. Kg1 Bc5 41. Qd1 Qa2 42. Qe1 Qc2 43. Kf1 Bd4 44. Qb4+ Bb6 45. Qe1
c5 46. Qe4+ Qxe4 47. Nxe4 c4 48. Ke2 Bd4 49. Kd2 Kc6 50. g4 Be5 51. h3 Kd5 52.
Nf2 Bg3 53. Nd1 Kd4 54. Kc2 Be1 55. Nb2 Bh4 56. Nd1 Be1 57. Nb2 c6 58. Na4 Ba5
59. Nb2 c3 60. Nd1 Ke4 61. Nf2+ Kf3 62. Nd3 Kg3 63. Ne5 c5 64. Nc6 Bb4 65. Ne7
Kxh3 66. g5 Kg4 67. g6 hxg6 68. Nxg6 Kf5 69. Nh4+ Ke4 70. Ng2 c4 71. Nh4 Be7
72. Kxc3 Kd5 73. Ng2 Bf6+ 74. Kc2 Ke4 75. Ne1 Ke3 76. Kc1 Bc3 77. Nc2+ Kd3 78.
Na3 Bd2+ 79. Kd1 c3 80. Nc2 1/2-1/2

[Event "Championnat de France Pupille"]
[Site "CALVI"]
[Date "????.??.??"]
[Round "6.3"]
[White "Ider, Borya"]
[Black "Samoun, Florent"]
[Result "1-0"]
[WhiteElo "1939"]
[BlackElo "1870"]
[PlyCount "101"]
[EventDate "2005.??.??"]
[SourceDate "2005.04.17"]

1. Nf3 d5 2. d4 e6 3. e3 Nf6 4. Bd3 c5 5. b3 Bd6 6. Bb2 Nc6 7. Nbd2 O-O 8. Ne5
cxd4 9. exd4 Qc7 10. f4 a6 11. O-O b5 12. Rf3 Qb6 13. Nxc6 Qxc6 14. Qe1 g6 15.
Qh4 Be7 16. Re1 Re8 17. Qg3 Nh5 18. Qf2 f5 19. Rfe3 Bd6 20. g3 Kf7 21. Nf3 Kg8
22. Ne5 Bxe5 23. dxe5 Bb7 24. Bd4 Rf8 25. Qe2 b4 26. Rf1 Kf7 27. Qd2 a5 28. Qe2
Ba6 29. Bxa6 Qxa6 30. Qf3 Rac8 31. Qf2 Qc6 32. Re2 Ng7 33. Qg2 h5 34. Qh3 Rfd8
35. Qh4 Ne8 36. h3 Qb5 37. Rfe1 Kg7 38. Qe7+ Kh6 39. g4 Ng7 40. gxh5 gxh5 41.
Rg2 Rd7 42. Qg5+ Kh7 43. Qg6+ Kg8 44. Qxe6+ Kf8 45. Qf6+ Rf7 46. Qh6 Ke7 47.
Rxg7 Rxg7+ 48. Qxg7+ Ke8 49. e6 Kd8 50. Bf6+ Ke8 51. Qf7# 1-0

[Event "Championnat de France Pupille"]
[Site "CALVI"]
[Date "????.??.??"]
[Round "6.4"]
[White "Nguyen, Vincent"]
[Black "Saatdjian, Stephane"]
[Result "0-1"]
[WhiteElo "1668"]
[BlackElo "1931"]
[PlyCount "102"]
[EventDate "2005.??.??"]
[SourceDate "2005.04.17"]

1. e4 c5 2. f4 Nc6 3. Nf3 g6 4. Bc4 Bg7 5. d3 e6 6. c3 Nge7 7. O-O d5 8. exd5
exd5 9. Bb3 O-O 10. d4 cxd4 11. cxd4 Nf5 12. Nc3 Be6 13. Ne2 Qb6 14. Kh1 h5 15.
Bd2 Ncxd4 16. Nexd4 Bxd4 17. Nxd4 Qxd4 18. Qe1 Qf6 19. Bb4 Rfe8 20. Qd2 Rad8
21. Rae1 Qd4 22. Qxd4 Nxd4 23. Ba4 b5 24. Bc3 bxa4 25. Bxd4 a6 26. h4 Rb8 27.
Rf2 Rb4 28. Bc3 Re4 29. Rxe4 dxe4 30. a3 Bc4 31. Rd2 e3 32. Rd1 e2 33. Re1 Rd8
34. Kg1 Rd1 35. Kf2 Rxe1 36. Kxe1 Kf8 37. Bb4+ Ke8 38. Bd6 Kd7 39. Bf8 Ke6 40.
Bh6 Kf5 41. Bg5 f6 42. Bh6 Kg4 43. Kf2 Kxh4 44. g3+ Kg4 45. Bg7 f5 46. Bf6
e1=Q+ 47. Kxe1 Kxg3 48. Bg5 h4 49. Bxh4+ Kxh4 50. Kf2 Kg4 51. Ke3 Kg3 0-1

[Event "Championnat de France Pupille"]
[Site "CALVI"]
[Date "????.??.??"]
[Round "6.5"]
[White "Gattullo, Elia"]
[Black "Mouhamad, Joachin"]
[Result "0-1"]
[WhiteElo "1810"]
[BlackElo "1750"]
[PlyCount "76"]
[EventDate "2005.??.??"]
[SourceDate "2005.04.17"]

1. e4 c5 2. Ne2 Nc6 3. g3 g6 4. Bg2 Bg7 5. c3 d6 6. d4 cxd4 7. cxd4 Bg4 8. f3
Bd7 9. O-O Qb6 10. Be3 Qxb2 11. Nbc3 Qa3 12. Rb1 Nf6 13. Rxb7 Qa6 14. Rb2 O-O
15. Qd2 Na5 16. Rb4 Nc4 17. Qd3 Rfc8 18. Rfb1 d5 19. e5 Bf5 20. Qd1 Nxe3 21.
Qc1 Bxb1 22. Rxb1 Nxg2 23. exf6 Bxf6 24. Kxg2 Rc7 25. Qd2 e6 26. Qf4 Bd8 27. g4
Rac8 28. Rb3 Be7 29. h3 Qc4 30. Kf2 Bh4+ 31. Kg2 a5 32. Kf1 Qd3 33. Kg2 Qc2 34.
Kf1 Rxc3 35. Rxc3 Rxc3 36. Qe5 Rxf3+ 37. Kg2 Rf2+ 38. Kh1 Qb1+ 0-1

[Event "Championnat de France Pupille"]
[Site "CALVI"]
[Date "????.??.??"]
[Round "6.6"]
[White "Manoeuvre, Antoine"]
[Black "Ane, Cedric"]
[Result "1-0"]
[WhiteElo "1970"]
[BlackElo "1620"]
[PlyCount "55"]
[EventDate "2005.??.??"]
[SourceDate "2005.04.17"]

1. d4 Nf6 2. c4 e6 3. Nf3 d5 4. Bg5 Nbd7 5. Nc3 c6 6. e3 Qa5 7. Bxf6 Nxf6 8.
Nd2 Be7 9. cxd5 cxd5 10. Bd3 O-O 11. O-O a6 12. a3 Bd7 13. b4 Qd8 14. f4 Bd6
15. Nf3 b5 16. Ne5 Rc8 17. Rc1 g6 18. Qe1 Bxe5 19. fxe5 Nh5 20. Be2 Ng7 21. Rf6
Ne8 {Diagramme #} 22. Qh4 Kg7 23. Rcf1 h6 $11 24. R1f3 Nxf6 25. exf6+ Kh7 26.
Rh3 h5 27. Bxh5 Rxc3 28. Bg4+ 1-0

[Event "Championnat de France Pupille"]
[Site "CALVI"]
[Date "????.??.??"]
[Round "6.7"]
[White "Amiri, Yacine"]
[Black "Yu, William"]
[Result "0-1"]
[WhiteElo "1630"]
[BlackElo "1860"]
[PlyCount "56"]
[EventDate "2005.??.??"]
[SourceDate "2005.04.17"]

1. Nf3 g6 2. d4 Bg7 3. b3 d6 4. Bb2 Nc6 5. e3 Bd7 6. c4 e5 7. d5 Nce7 8. c5 f5
9. cxd6 cxd6 10. Na3 h6 11. Nc4 Nc8 12. Rc1 Nf6 13. Ba3 Bb5 14. Nxd6+ Nxd6 15.
Bxd6 Bxf1 16. Bxe5 Ba6 17. d6 O-O 18. Qd2 Rc8 19. Rd1 Nd7 20. Bxg7 Kxg7 21.
Qd4+ Kh7 22. Ne5 Qa5+ 23. b4 Qxe5 24. Qh4 g5 25. Qd4 Qxd4 26. Rxd4 Rc1+ 27. Rd1
Rfc8 28. f3 R8c2 0-1

[Event "Championnat de France Pupille"]
[Site "CALVI"]
[Date "????.??.??"]
[Round "6.8"]
[White "Bensaid, Alexandre"]
[Black "Vieillot, Colin"]
[Result "1-0"]
[WhiteElo "1780"]
[BlackElo "1690"]
[PlyCount "43"]
[EventDate "2005.??.??"]
[SourceDate "2005.04.17"]

1. e4 d5 2. exd5 Qxd5 3. Nc3 Qd6 4. d4 Nf6 5. Nf3 a6 6. Bc4 b5 7. Bd3 Bb7 8.
O-O Nbd7 9. Bg5 e6 10. Re1 Be7 11. Bh4 O-O 12. Bg3 Qb6 13. Ne5 Rfe8 14. a4 Bb4
15. axb5 Bxc3 16. bxc3 axb5 17. Rb1 Ra5 18. c4 Ba6 19. c5 Qa7 20. Nc6 Qa8 21.
Nxa5 Nd5 22. Qd2 1-0

[Event "Championnat de France Pupille"]
[Site "CALVI"]
[Date "????.??.??"]
[Round "6.9"]
[White "Capponi, Axel"]
[Black "Harnik, Cecilien"]
[Result "1-0"]
[WhiteElo "1770"]
[BlackElo "1550"]
[PlyCount "121"]
[EventDate "2005.??.??"]
[SourceDate "2005.04.17"]

1. d4 d5 2. c4 e6 3. Nc3 Nf6 4. cxd5 exd5 5. Bg5 Nbd7 6. e3 c6 7. Bd3 Be7 8.
Qc2 h6 9. Bh4 Nh5 10. Bxe7 Qxe7 11. O-O-O Nb6 12. h3 Be6 13. Nge2 O-O-O 14. g4
Nf6 15. Nf4 Rhf8 16. Bf5 Bxf5 17. gxf5 Rg8 18. Nd3 Nbd7 19. Kb1 Ne4 20. Nxd5
Qd6 21. Nc3 Nxc3+ 22. bxc3 Qd5 23. Nf4 Qb5+ 24. Ka1 Rde8 25. Rb1 Qa5 26. Qb3 b6
27. Qc4 Kb7 28. Qxf7 Qxc3+ 29. Rb2 Kc8 30. Kb1 Ref8 31. Qh5 Kb7 32. Rc1 Qa5 33.
Qf3 Qxf5+ 34. Ka1 Nb8 35. d5 Rf6 36. Rbc2 Rc8 37. Qg2 g5 38. Ne6 Qe5+ 39. Kb1
Qd6 40. dxc6+ Nxc6 41. Nd4 Qd7 $11 42. Qg4 Qxg4 43. hxg4 Ne7 44. Rxc8 Nxc8 45.
Nf5 Nd6 46. Nxd6+ Rxd6 47. Rc2 Rf6 $11 48. Kc1 Rc6 49. Rxc6 Kxc6 50. Kc2 b5 51.
f4 gxf4 52. exf4 a5 53. Kc3 Kd5 54. f5 Ke5 55. Kd3 Kf6 56. Kd4 Kg5 57. Kc5 Kxg4
58. f6 h5 59. f7 h4 60. f8=Q h3 61. Qf1 1-0

[Event "Championnat de France Pupille"]
[Site "CALVI"]
[Date "????.??.??"]
[Round "6.10"]
[White "L'Huillier, Robin"]
[Black "Netzer, Jacques"]
[Result "0-1"]
[WhiteElo "1730"]
[BlackElo "1990"]
[PlyCount "94"]
[EventDate "2005.??.??"]
[SourceDate "2005.04.17"]

1. e4 c5 2. Nc3 Nc6 3. f4 d6 4. Bb5 Bd7 5. Nf3 g6 6. O-O Bg7 7. Qe1 e6 8. d3
Nge7 9. Qh4 O-O 10. Ng5 h6 11. Nf3 Nc8 12. Qh3 a6 13. Bxc6 bxc6 14. f5 exf5 15.
exf5 Bxf5 16. g4 Bd7 17. Bxh6 Bxg4 18. Qxg4 Bxh6 19. Qh4 Qxh4 20. Nxh4 Bg7 21.
Na4 Rb8 22. c3 Nb6 23. Nxb6 Rxb6 24. Rf2 Rfb8 25. Raf1 R6b7 26. Ng2 f6 27. b3
f5 28. Rc2 Re7 29. Kf2 Rbe8 30. Re1 Rxe1 31. Nxe1 Bf6 32. Nf3 Kf7 33. c4 Bd4+
34. Nxd4 cxd4 35. Re2 Rxe2+ 36. Kxe2 c5 37. Kf3 Kf6 38. h3 Kg5 39. Kg3 Kh5 40.
h4 g5 41. hxg5 Kxg5 42. a3 a5 43. Kf3 f4 44. Kf2 Kg4 45. Kg2 f3+ 46. Kf2 Kf4
47. Kf1 Ke3 0-1

[Event "Championnat de France Pupillette"]
[Site "CALVI"]
[Date "????.??.??"]
[Round "6.1"]
[White "Kohi, Camilla"]
[Black "Bellotti, Charlotte"]
[Result "1-0"]
[WhiteElo "1881"]
[BlackElo "1580"]
[PlyCount "79"]
[EventDate "2005.??.??"]
[SourceDate "2005.04.17"]

1. e4 c5 2. Nf3 e6 3. c3 d5 4. exd5 exd5 5. d4 c4 6. b3 b5 7. Bb2 Nf6 8. a4
bxa4 9. bxc4 Bd7 10. Ne5 Bd6 11. Nxd7 Qxd7 12. Qxa4 Qxa4 13. Rxa4 Nbd7 14. cxd5
Nxd5 15. Bb5 N5b6 16. Ra1 O-O 17. O-O Rfe8 18. c4 Rec8 19. c5 Nxc5 20. dxc5
Rxc5 21. Bd3 Rd8 22. Rd1 Rc7 23. Nc3 Be7 24. Be2 Rdc8 25. Ba3 Bf6 26. Nb5 Rc2
27. Bd3 h6 28. Bxc2 Bxa1 29. Bf5 Re8 30. Rxa1 Re5 31. Bd3 Rd5 32. Rd1 Rd7 33.
Bc5 g6 34. Bxb6 axb6 35. Kf1 Kg7 36. Be2 Re7 37. Rd6 Rb7 38. Bc4 h5 39. Rc6 Kf8
40. Rc7 1-0

[Event "Championnat de France Pupillette"]
[Site "CALVI"]
[Date "????.??.??"]
[Round "6.2"]
[White "Wehr, Margaux"]
[Black "Lefevre, Margaux"]
[Result "0-1"]
[WhiteElo "1390"]
[BlackElo "1780"]
[PlyCount "72"]
[EventDate "2005.??.??"]
[SourceDate "2005.04.17"]

1. e4 e6 2. d4 d5 3. e5 c5 4. c3 Qb6 5. Nf3 Nc6 6. Be2 cxd4 7. cxd4 Bd7 8. O-O
Nh6 9. Nc3 Nf5 10. Na4 Qc7 11. b3 Be7 12. g4 Nh4 13. Nxh4 Bxh4 14. f4 Be7 15.
Bb2 Rc8 16. Rc1 Qd8 17. Nc5 Qc7 18. f5 exf5 19. gxf5 Bg5 20. Rc3 O-O 21. Rff3
Be7 22. Rc2 Nxe5 23. dxe5 Bxc5+ 24. Kh1 Qb6 25. Qd3 Qb4 26. Rf1 Rfe8 27. Qg3
Qe4+ 28. Bf3 Qxc2 29. f6 Qg6 30. Qh4 Bb5 31. Rd1 gxf6 32. exf6 Kf8 33. a4 Be2
34. Bxe2 Rxe2 35. Qh3 Qe4+ 36. Qg2 Qxg2# 0-1

[Event "Championnat de France Pupillette"]
[Site "CALVI"]
[Date "????.??.??"]
[Round "6.3"]
[White "Neuhauser, Salome"]
[Black "Saucey, Capucine"]
[Result "1-0"]
[WhiteElo "1660"]
[BlackElo "1560"]
[PlyCount "103"]
[EventDate "2005.??.??"]
[SourceDate "2005.04.17"]

1. e4 e5 2. Nf3 Nc6 3. Bc4 Nf6 4. Ng5 d5 5. exd5 Na5 6. Bb5+ c6 7. dxc6 bxc6 8.
Be2 h6 9. Nf3 e4 10. Ne5 Bd6 11. d4 exd3 12. Nxd3 O-O 13. O-O Qc7 14. h3 Bf5
15. b3 Rfd8 16. Bb2 Nd5 17. Bg4 Bxd3 18. Qxd3 Nf6 19. Qf3 Nd7 20. Bxd7 Qxd7 21.
Qc3 f6 22. Qxa5 Bc7 23. Qc3 Be5 24. Qc4+ Kh8 25. Bxe5 fxe5 26. Nc3 Qf5 27. Qe4
Qf6 28. Rad1 Rf8 29. Rd3 Qe6 30. Rf3 Rfe8 31. Qf5 Qe7 32. Qf7 Qc5 33. Rg3 Re7
34. Qg6 Rae8 35. Rc1 Qb6 36. Ne4 Rf8 37. Rf1 Qc7 38. Qd6 Qxd6 39. Nxd6 Rd7 40.
Nc4 Re8 41. Re3 Rd5 42. Rfe1 Kg8 43. Nxe5 Rd2 44. R3e2 Rxe2 45. Rxe2 c5 46. Kf1
g5 47. Nc6 Rxe2 48. Kxe2 a6 49. Kd3 Kf7 50. Kc4 Ke6 51. Kxc5 Kf5 52. Kb6 1-0

[Event "Championnat de France Pupillette"]
[Site "CALVI"]
[Date "????.??.??"]
[Round "6.4"]
[White "Lenoel, Marine"]
[Black "Mallet, Berenice"]
[Result "0-1"]
[WhiteElo "1580"]
[BlackElo "1550"]
[PlyCount "70"]
[EventDate "2005.??.??"]
[SourceDate "2005.04.17"]

1. e4 c6 2. d4 d5 3. exd5 cxd5 4. Nc3 Nc6 5. Nf3 Bg4 6. Be2 e6 7. a3 Be7 8. Bf4
Nf6 9. h3 Bxf3 10. Bxf3 O-O 11. Ne2 Ne4 12. Qd3 Nd6 13. g4 Bg5 14. h4 Bxf4 15.
Nxf4 Qf6 16. Ne2 e5 17. g5 e4 18. gxf6 exd3 19. cxd3 Rfe8 20. Kf1 Rad8 21. fxg7
Nf5 22. Nf4 Nfxd4 23. Bxd5 Kxg7 24. Rg1+ Kh8 25. Nh5 Ne5 26. Be4 f5 27. Bh1
Ndf3 28. Rg3 Nh2+ 29. Kg2 Nhg4 30. f3 f4 31. Rh3 Ne3+ 32. Kf2 Nxd3+ 33. Kg1
Rg8+ 34. Bg2 Rxg2+ 35. Kh1 Nf2# 0-1

[Event "Championnat de France Pupillette"]
[Site "CALVI"]
[Date "????.??.??"]
[Round "6.5"]
[White "Monasri, Sara"]
[Black "Mencacci, Tiphanie"]
[Result "0-1"]
[WhiteElo "1520"]
[BlackElo "1610"]
[PlyCount "38"]
[EventDate "2005.??.??"]
[SourceDate "2005.04.17"]

1. e4 e5 2. Nf3 Nf6 3. Nxe5 d6 4. Nxf7 Kxf7 5. d4 Be7 6. Nc3 Be6 7. Bd3 Nbd7 8.
O-O Rf8 9. f4 Kg8 10. e5 dxe5 11. fxe5 Nd5 12. Qh5 Rxf1+ 13. Kxf1 Nf8 14. Bd2
Nb4 15. Qe2 Qxd4 16. Rb1 Nxd3 17. cxd3 Ng6 18. Nb5 Rf8+ 19. Ke1 Qg1+ 0-1

[Event "Championnat de France Pupillette"]
[Site "CALVI"]
[Date "????.??.??"]
[Round "6.6"]
[White "Llacer, Cassandra"]
[Black "Uhl, Sarah"]
[Result "0-1"]
[WhiteElo "1250"]
[BlackElo "1360"]
[PlyCount "68"]
[EventDate "2005.??.??"]
[SourceDate "2005.04.17"]

1. e4 d6 2. Bc4 Nf6 3. Nc3 g6 4. d3 Bg7 5. Nge2 c6 6. O-O b5 7. Bb3 O-O 8. a3
Bb7 9. Bg5 Nbd7 10. Qd2 a6 11. Bh6 c5 12. Ng3 Nb6 13. Bxg7 Kxg7 14. Nce2 Rc8
15. f3 Qc7 16. c4 bxc4 17. dxc4 Nbd7 18. Rab1 Ne5 19. f4 Nc6 20. Bc2 Qa5 21.
Qe3 Qb6 22. f5 Ng4 23. Qg5 Nf6 24. fxg6 fxg6 25. Nf4 Kf7 26. Nf5 gxf5 27. Qxf5
Ke8 28. Qxh7 Nxh7 29. e5 Nd4 30. Bxh7 Rxf4 31. Bg6+ Kd7 32. g3 Rxf1+ 33. Rxf1
Qc6 34. Rf2 Qh1# 0-1

[Event "Championnat de France Pupillette"]
[Site "CALVI"]
[Date "????.??.??"]
[Round "6.7"]
[White "Alonso, Audrey"]
[Black "Le Bail, Arielle"]
[Result "0-1"]
[WhiteElo "1420"]
[BlackElo "1650"]
[PlyCount "34"]
[EventDate "2005.??.??"]
[SourceDate "2005.04.17"]

1. e4 Nc6 2. Nf3 d5 3. e5 Bg4 4. d4 e6 5. Bb5 Nge7 6. Bg5 Qd7 7. Nbd2 h6 8. Bh4
Nf5 9. Bg3 Nfxd4 10. Bxc6 Qxc6 11. c3 Nxf3+ 12. Nxf3 Bc5 13. Qd3 Bf5 14. Qd2
Be4 15. Qe2 O-O-O 16. O-O-O Qa4 17. a3 Qb3 0-1

[Event "Championnat de France Pupillette"]
[Site "CALVI"]
[Date "????.??.??"]
[Round "6.8"]
[White "Khan, Mai-Ly"]
[Black "Miralles, Dina"]
[Result "1-0"]
[WhiteElo "1610"]
[BlackElo "1450"]
[PlyCount "95"]
[EventDate "2005.??.??"]
[SourceDate "2005.04.17"]

1. d4 Nf6 2. Nf3 d6 3. c4 g6 4. Nc3 Bg7 5. b4 O-O 6. Bf4 Nc6 7. b5 Nb8 8. e3
Nbd7 9. Bd3 c5 10. bxc6 bxc6 11. O-O c5 12. dxc5 Nxc5 13. Rc1 Bb7 14. Be2 Rc8
15. Na4 Re8 16. Nxc5 dxc5 17. Qa4 Qb6 18. Rb1 Qa6 19. Qb5 Qxb5 20. Rxb5 Be4 21.
Nd2 Bf5 22. Bf3 e5 23. Bg3 e4 24. Bd1 Re7 25. Nb3 Rd7 26. Nxc5 Rd2 27. Bb3 Rcd8
28. Rb7 a5 29. Ra7 Bg4 30. Rxa5 Bd1 31. h3 Bxb3 32. axb3 Nh5 33. Bh2 Rd1 34. g4
Rxf1+ 35. Kxf1 Nf6 36. b4 Rc8 37. Ke2 Bf8 38. Kd2 Rd8+ 39. Kc3 Rc8 40. Kb3 Rd8
41. Na4 Bg7 42. c5 Rd3+ 43. Kc4 Nd7 44. Ra8+ Nf8 45. c6 Rd1 46. Kb5 Rd5+ 47.
Kb6 Bf6 48. c7 1-0